Railroad Lengths - Statistics

General Stats
  • This quiz has been taken 14 times
  • The average score is 13 of 15
Answer Stats
Answer % Correct
Australia
100%
Brazil
100%
China
100%
France
100%
Germany
100%
Russia
100%
United States
100%
India
92%
Italy
92%
Mexico
92%
Canada
83%
Japan
83%
South Africa
83%
Poland
75%
Romania
42%
No matching quizzes found
Score Distribution
Percent of People with Each Score
Percentile by Number Answered
Your Score History
You have not taken this quiz